GTA CharacterS - Statistics

General Stats
  • This quiz has been taken 11 times
  • The average score is 4 of 41
Answer Stats
Answer % Correct
Trevor Phillips
90%
Franklin Clinton
50%
Michael Townley
50%
Lamar Davis
30%
Steve Haines
30%
Dave Norton
20%
Devin Weston
20%
Andreas Sanchez
10%
Floyd Hebert
10%
Harold “Stretch” Joseph
10%
Martin Madrazo
10%
Molly Schultz
10%
Patricia Madrazo
10%
Simeon Yeterian
10%
Solomon Richards
10%
Tanisha Jackson
10%
Tao Cheng
10%
Wade Hebert
10%
Wei Cheng
10%
Brad Snider
0%
Christian Feltz
0%
Cletus Ewing
0%
Daryl Jones
0%
Eddie Toh
0%
Elwood O’Neil
0%
Gustavo Mota
0%
Hugh Welsh
0%
Isiah Friedlander
0%
Johnny Klebitz
0%
Karim Denz
0%
Karl Abolaji
0%
Maude Eccles
0%
Mrs Thornhill
0%
Nigel Thornhill
0%
Norm Richards
0%
Packie McReary
0%
Paige Harris
0%
Rickie Lukens
0%
Rocco Pelosi
0%
Taliana Martinez
0%
Tonya Wiggins
0%
No matching quizzes found
Score Distribution
Percent of People with Each Score
Percentile by Number Answered
Your Score History
You have not taken this quiz